00290 2200133 4500001002100000005001500021035002000036245004100056300000800097260001900105082000800124084001200132990001200144INLIS00000000000239820250528120543 a0010-0525000690 aJalan Menuju Cintamu /cRhein Fathia a180 bMQS Publishing a813 a813 JAL a0713417